01258nam a2200325I 450000100060000000300080000600500170001400800410003102000290007203500170010103500190011803500170013704000420015404100080019608200270020409900160023110000270024724500810027426000330035530000260038849000220041450400530043665000420048965100520053183000380058394200120062199900170063395201400065095201420079035473BD-RjUL20211209052328.0140525 1974 01 eng c a0091196507 :a0091196515 aMITb10003770 a(BD-RjUL)35567 aGLIS00003770 aMiami Univ LibbengcBD-RjULdBD-RjUL aeng a307.12160941bSIC 1974 aHT169.G7.S51 aSimmie, James.910799210aCitizens in conflict :bthe sociology of town planning /c[by] J. M. Simmie. aLondon :bHutchinson,c1974. axii, 239 p. ;c23 cm.1 aBuilt environment aIncludes bibliographical references and indexes. 0aCity planningzGreat Britain.9107993 0aGreat BritainxSocial conditionsy1945-9103964 0aBuilt environment series.9107998 2ddccBK c35473d35473 00102ddc40708NFICaRUCLbRUCLcStackd1980-03-10eHeffersg3.50l0o307.12160941 SIC 1974r2014-05-25 00:00:00tC-2w2014-05-25yBK 00102ddc40718NFICaRUCLbRUCLcReadingd1980-03-10eHeffersg3.50l0o307.12160941 SIC 1974r2014-05-25 00:00:00tC-1w2014-05-25yBK